Sổ tay thiết kế cơ khí. T.1 /

Thiết kế có sự trợ giúp của máy tính; Vật liệu chế tạo máy; Dung sai và lắp ghép; Nhám bề mặt; Các yếu tố của kết cấu; Tính công nghệ của kết cấu; Chi tiết kẹp chặt; Các chi tiết và bộ phận tiêu chuẩn; Phủ bề mặt kim loại.

Gardado en:
Detalles Bibliográficos
Autor Principal: Hà Văn Vui, PGS.
Outros autores: Nguyễn Chỉ Sáng., Phan Đăng Phong.
Formato: Libro
Idioma:Vietnamese
Publicado: Hà Nội : Khoa học và kỹ thuật, 2004.
Những chủ đề:
Các nhãn: Engadir etiqueta
Sen Etiquetas, Sexa o primeiro en etiquetar este rexistro!
Thư viện lưu trữ: Mạng thư viện Đại học Đà Nẵng
LEADER 01506cam a2200385 a 4500
001 000044434
003 2814
005 20060413094258.0
008 010314b2004 vm 000 vie
020 |c 115000 
040 |a LRC  |c LRC  |d LRC 
041 0 |a vie 
082 1 4 |a 671  |b HA-V 
100 1 |a Hà Văn Vui,  |c PGS. 
245 1 0 |a Sổ tay thiết kế cơ khí.  |n T.1 /  |c Hà Văn Vui, Nguyễn Chỉ Sáng, Phan Đăng Phong. 
260 |a Hà Nội :  |b Khoa học và kỹ thuật,  |c 2004. 
300 |a 731 tr. :  |b mh. ;  |c 27 cm. 
520 3 |a Thiết kế có sự trợ giúp của máy tính; Vật liệu chế tạo máy; Dung sai và lắp ghép; Nhám bề mặt; Các yếu tố của kết cấu; Tính công nghệ của kết cấu; Chi tiết kẹp chặt; Các chi tiết và bộ phận tiêu chuẩn; Phủ bề mặt kim loại. 
630 0 4 |a Cơ khí. 
630 0 4 |a Kim loại. 
650 0 4 |a Thiết kế  |x Cơ khí. 
700 1 |a Nguyễn Chỉ Sáng. 
700 1 |a Phan Đăng Phong. 
OWN |a DUT 
AVA |a UDN50  |b DUT  |c Book  |d 671 HA-V  |e available  |t Error 5001 Not defined in file expand_doc_bib_avail.  |f 5  |g 0  |h N  |i 0  |j SH  |k 1 
999 |a From the UDN01 
AVA |a UDN50  |b DUT  |c Book  |d 671 HA-V  |e available  |t Error 5001 Not defined in file expand_doc_bib_avail.  |f 5  |g 0  |h N  |i 0  |j SH  |k 1 
TYP |a Monograph 
TYP |a Printed language 
980 |a Mạng thư viện Đại học Đà Nẵng